000 00845nas a2200265 454500
001 45977
005 20260407193511.0
008 260407s1990####ag###########|||spa#d
003 AR-UNSa-BCEJYS
040 _aAR-UNSa-BCEJYS
_bspa
_cAR-UNSa-BCEJYS
080 _a331
_xTrabajo. Empleo. Organización del trabajo
245 1 0 _aTrabajo
_pla revista de la OIT
022 _a1020-0037
264 1 _aGinebra :
_bOIT
_c1990
310 _aFrecuencia: Cuatrimestral
041 _aspa
942 _cSER
590 _aniveau_biblio:s niveau_hierar:1
100 1 _aOrganización Internacional del Trabajo (OIT)
650 _aTrabajo
650 _aEmpleo de las mujeres
650 _aEstudio del trabajo
650 _aOrganización del trabajo
856 4 1 _uhttps://www.biblioeco.unsa.edu.ar/pmb/images/revistas/R21820.jpg
_yImagen de portada
_qimage/jpeg
999 _c8937
_d8937